Statistics for Greatest Football Managers of All Time

Click here to take the quiz!

General Stats

  • This quiz has been taken 32 times
  • The average score is 30 of 50

Answer Stats

Answer % Correct
Alex {Ferguson}
100%
José {Mourinho}
100%
Arsène {Wenger}
100%
Franz {Beckenbauer}
96%
Fabio {Capello}
96%
Carlo {Ancelotti}
96%
Jürgen {Klopp}
96%
Pep {Guardiola}
96%
Louis {van} {Gaal}
92%
Rafael {Benítez}
92%
Zinedine {Zidane}
92%
Antonio {Conte}
92%
Sven-Goran {Eriksson}
88%
Claudio {Ranieri}
88%
Luiz Felipe {Scolari}
85%
Vicente {del} {Bosque}
85%
Marcelo {Bielsa}
85%
Johan {Cruyff}
85%
Kenny {Dalglish}
81%
Marcello {Lippi}
81%
Massimiliano 'Max' {Allegri}
73%
Brian {Clough}
69%
Matt {Busby}
69%
Jupp {Heynckes}
69%
Giovanni {Trapattoni}
65%
Bobby {Robson}
62%
Bob {Paisley}
62%
Ottmar {Hitzfeld}
58%
Bill {Shankly}
58%
Luis {Aragonés}
54%
Arrigo {Sacchi}
54%
Rinus {Michels}
54%
Alf {Ramsey}
54%
Jock {Stein}
46%
Herbert {Chapman}
38%
Otto {Rehhagel}
35%
Helenio {Herrera}
31%
Ernst {Happel}
31%
Udo {Lattek}
27%
Vittorio {Pozzo}
19%
Mário {Zagallo}
19%
Béla {Guttmann}
19%
Valeriy {Lobanovskyi}
19%
Miguel {Muñoz}
19%
Bill {Nicholson}
19%
Nereo {Rocco}
19%
Carlos Alberto {Parreira}
15%
Telê {Santana}
12%
Viktor {Maslov}
8%
Vic {Buckingham}
8%

Score Distribution

Percentile by Number Answered

Percent of People with Each Score

Your Score History

You have not taken this quiz